Letterboxd Top 250 par image - Statistiques

Statistiques générales
  • Ce quiz a été pris 311 fois
  • Le résultat moyen est 73 sur 250
Statistiques - réponses
Par images Hint Réponse % Correct
7 The Godfather Part II
94%
18 La Haine
93%
63 Dune: Part Two
90%
148 M
90%
10 Parasite
88%
92 All About Eve
87%
57 The Empire Strikes Back
85%
48 Interstellar
83%
15 The Lord of the Rings: The Return of the King
83%
2 12 Angry Men
82%
205 Pulp Fiction
82%
78 The Lord of the Rings: The Fellowship of the Ring
82%
8 The Shawshank Redemption
82%
51 The Lord of the Rings: The Two Towers
81%
13 Schindler's List
78%
24 The Dark Knight
78%
20 The Good, the Bad and the Ugly
77%
42 Whiplash
77%
184 Fight Club
76%
12 The Godfather
76%
27 GoodFellas
75%
65 The Pianist
75%
208 The Green Mile
73%
9 City of God
71%
81 Oldboy
71%
98 Se7en
71%
25 Grave of the Fireflies
70%
30 Spirited Away
70%
101 Good Will Hunting
69%
73 Princess Mononoke
68%
245 The Shining
68%
75 Lawrence of Arabia
65%
107 The Silence of the Lambs
65%
139 Dead Poets Society
64%
147 Django Unchained
63%
122 The Great Dictator
62%
173 The Elephant Man
61%
49 Memories of Murder
60%
219 Saving Private Ryan
60%
233 Napoleon
58%
104 Singin' in the Rain
58%
80 Life Is Beautiful
57%
223 The Grand Budapest Hotel
57%
183 2001: A Space Odyssey
56%
132 Psycho
56%
45 Spider-Man: Across the Spider-Verse
56%
162 Fantastic Mr. Fox
55%
167 Heat
55%
53 It's a Wonderful Life
54%
110 Amadeus
53%
34 Apocalypse Now
53%
56 Spider-Man: Into the Spider-Verse
53%
3 Come And See
51%
40 Incendies
51%
121 No Country for Old Men
51%
1 Harakiri
50%
4 Seven Samurai
50%
200 Mulholland Drive
49%
189 Modern Times
48%
144 Prisoners
47%
96 Inglourious Basterds
46%
89 One Flew Over the Cuckoo's Nest
46%
69 Perfect Blue
46%
29 There Will Be Blood
46%
170 Akira
45%
185 Everything Everywhere All at Once
45%
71 Paris, Texas
45%
84 Rear Window
45%
201 Alien
44%
235 Azur & Asmar: The Princes' Quest
44%
222 Eternal Sunshine of the Spotless Mind
44%
102 Howl's Moving Castle
44%
70 In the Mood for Love
44%
237 Raging Bull
44%
203 The Prestige
44%
93 The Thing
44%
67 Once Upon a Time in the West
43%
22 Cinema Paradiso
41%
125 The Departed
41%
193 The Iron Giant
41%
64 Barry Lyndon
40%
207 Malcolm X
40%
160 The Father
40%
244 Le Samouraï
39%
31 Paths of Glory
39%
128 The Young Girls of Rochefort
39%
130 Before Sunrise
38%
55 Stalker
38%
11 Yi Yi
38%
117 Before Sunset
37%
179 Casablanca
35%
62 Persona
35%
41 Portrait of a lady on fire
35%
17 Ran
35%
16 Ikiru
34%
5 The Human Condition III: A Soldier's Prayer
34%
32 The Human Condition II: Road to Eternity
34%
14 The Human Condition I: No Greater Love
34%
169 The Hunt
34%
206 Metropolis
33%
39 The Passion of Joan of Arc
33%
155 Chinatown
30%
6 High and Low
30%
112 The Seventh Seal
29%
109 City Lights
28%
126 Monster
28%
153 Perfect Days
28%
242 Vertigo
28%
21 Le Trou
27%
186 Twin Peaks: Fire Walk with Me
26%
23 Autumn Sonata
25%
152 Children of Men
25%
37 Sunset Boulevard
25%
61 The Handmaiden
25%
33 Andrei Rublev
24%
26 Neon Genesis Evangelion: The End of Evangelion
24%
138 The 400 Blows
24%
220 The First Slam Dunk
24%
231 The King of Comedy
24%
36 Tokyo Story
24%
59 Do the Right Thing
22%
79 Sherlock Jr.
22%
151 Dr. Strangelove or: How I Learned to Stop Worrying and Love the Bomb
21%
180 La Dolce Vita
21%
46 The Battle of Algiers
21%
141 Wings of Desire
21%
149 Yojimbo
21%
94 Army of Shadows
20%
76 Love Exposure
20%
116 Mirror
20%
164 Chungking Express
19%
115 Z
19%
137 Dog Day Afternoon
18%
103 The Wages of Fear
18%
43 Fanny and Alexander
17%
190 Jeanne Dielman, 23, quai du Commerce, 1080 Bruxelles
17%
192 The Night of the Hunter
17%
47 Close-Up
15%
97 Farewell My Concubine
15%
163 La Notte
15%
99 Ordet
15%
83 Satantango
15%
195 Some Like It Hot
15%
129 Taste of Cherry
15%
232 The Holdovers
15%
19 A Brighter Summer Day
14%
140 Das Boot
14%
44 Mishima: A Life in Four Chapters
14%
82 Scenes from a Marriage
14%
146 The Celebration
14%
74 Red Beard
13%
240 Solaris
13%
38 The Cranes Are Flying
13%
168 The Lives of Others
13%
87 A Separation
12%
154 Bicycle Thieves
12%
196 Cure
12%
226 The Bridge on the River Kwai
12%
134 Mommy
11%
213 Sorcerer
11%
35 The Apartment
11%
58 The Red Shoes
11%
241 Tokyo Godfathers
11%
113 Wild Strawberries
11%
100 A Man Escaped
10%
52 I Am Cuba
10%
191 Look Back
10%
197 Network
10%
150 Shoplifters
10%
166 Terminator 2: Judgment Day
10%
156 The Sacrifice
10%
209 The Tale of The Princess Kaguya
10%
199 Ugetsu
10%
77 Eternity and a Day
9%
119 I'm Still Here
9%
229 Anatomy of a Murder
8%
131 A Special Day
8%
236 Kes
8%
171 Nostalgia
8%
158 Sing Sing
8%
50 The Ascent
8%
212 The Third Man
8%
105 Three Colours: Red
8%
247 An Autumn Afternoon
7%
60 A Woman Under the Influence
7%
228 Interstella 5555: The 5tory of the 5ecret 5tar 5ystem
7%
249 Millennium Actress
7%
66 Nights of Cabiria
7%
68 Nobody Knows
7%
136 Tampopo
7%
178 Throne of Blood
7%
214 Umberto D.
7%
86 Where Is the Friend's House?
7%
161
6%
111 All That Jazz
6%
120 Brief Encounter
6%
172 Children of Paradise
6%
181 Dersu Uzala
6%
198 Double Indemnity
6%
85 It's Such a Beautiful Day
6%
108 Late Spring
6%
224 Marcel the Shell with Shoes On
6%
204 Mary and Max
6%
88 Paper Moon
6%
159 Underground
6%
72 Witness for the Prosecution
6%
106 How to Make Millions Before Grandma Dies
5%
227 Il Sorpasso
5%
225 Song of the Sea
5%
230 The Face of Another
5%
123 To Be or Not to Be
5%
90 An Elephant Sitting Still
4%
95 Apur Sansar
4%
118 Central Station
4%
133 Judgment at Nuremberg
4%
165 Opening Night
4%
142 Rocco and His Brothers
4%
175 The Cremator
4%
216 Winter Light
4%
188 Ace in the Hole
3%
243 Kwaidan
3%
187 Life, and Nothing More…
3%
135 Pather Panchali
3%
217 Puella Magi Madoka Magica the Movie Part III: Rebellion
3%
124 Raise the Red Lantern
3%
114 Still Walking
3%
177 The Man Who Shot Liberty Valance
3%
157 The Treasure of the Sierra Madre
3%
145 Werckmeister Harmonies
3%
234 4 Months, 3 Weeks and 2 Days
2%
210 A Matter of Life and Death
2%
250 A Moment of Innocence
2%
215 Aparajito
2%
174 Evangelion: 3.0+1.0 Thrice Upon a Time
2%
91 Landscape in the Mist
2%
182 Samurai Rebellion
2%
54 Sansho the Bailiff
2%
176 Secrets & Lies
2%
221 Sweet Smell of Success
2%
28 Woman in the Dunes
2%
127 Funeral Parade of Roses
1%
211 Ritual
1%
143 Swing Girls
1%
194 Who's Afraid of Virginia Woolf?
1%
239 Fail Safe
0%
202 Rififi
0%
238 The Best Years of Our Lives
0%
246 The Disappearance of Haruhi Suzumiya
0%
248 The Life and Death of Colonel Blimp
0%
218 We All Loved Each Other So Much
0%
Aucun quiz correspondant
Distribution des résultats
% des personnes avec chaque résultat
Percentile par nombre de réponses
Votre historique - résultats
Vous n’avez pas pris ce quiz